Les 2 villes les plus peuplées par région française en S - Statistiques

Statistiques générales
  • Ce quiz a été pris 72 fois
  • Le résultat moyen est 12 sur 26
Statistiques - réponses
Régions Départements Population Villes % Correct
Auvergne Rhône Alpes Loire 173 000 Saint-Etienne
95%
Grand Est Bas Rhin 292 000 Strasbourg
94%
Île de France Seine Saint Denis 115 000 Saint Denis
91%
Bretagne Ille et Vilaine 47 000 Saint Malo
80%
Côtes d'Armor 44 000 Saint Brieuc
77%
Pays de la Loire Loire Atlantique 73 000 Saint Nazaire
77%
Hauts de France Aisne 53 000 Saint Quentin
75%
Occitanie Hérault 45 000 Sète
69%
Charente Maritime 25 000 Saintes
63%
Bourgogne Franche Comté Yonne 27 000 Sens
61%
Aisne 29 000 Soissons
61%
Loire Atlantique 51 000 Saint Herblain
48%
Rhône 49 000 Saint Priest
42%
Var 37 000 Saint-Raphaël
36%
Bas Rhin 35 000 Schiltigheim
30%
Jura 9 000 Saint-Claude
25%
Centre Val de Loire Loiret 22 000 Saint-Jean-de-Braye
25%
Val de Marne 76 000 Saint Maur des Fossés
25%
Normandie Seine Maritime 29 000 Sotteville les Rouen
25%
Seine Maritime 29 000 Saint Etienne du Rouvray
23%
Provence Alpes Côte d’Azur Bouches du Rhône 45 000 Salon de Provence
22%
Corse Corse du Sud 4 000 Sartène
20%
Nouvelle Aquitaine Gironde 33 000 Saint-Médard-en-Jalles
11%
Loiret 17 000 Saran
9%
Gard 14 000 Saint Gilles
8%
Corse du Sud 3 000 Sarrola-Carcopino
0%
Aucun quiz correspondant
Distribution des résultats
% des personnes avec chaque résultat
Percentile par nombre de réponses
Votre historique - résultats
Vous n’avez pas pris ce quiz